Poznanie účtovnej jednotky ako prvý krok audítora pri audite účtovnej závierky diplomová práca

Na minha lista:
Detalhes bibliográficos
Autor principal: Bajus, Patrik
Autor Corporativo: Fakulta hospodárskej informatiky EU. Katedra účtovníctva a audítorstva
Outros Autores: Kareš, Ladislav
Formato: Livro
Idioma:eslovaco
Publicado em: Bratislava 2019
Tags: Adicionar Tag
Sem tags, seja o primeiro a adicionar uma tag!

MARC

LEADER 00000nbm a2200000 4500
001 0254215
005 20200110145313.4
041 0 |a slo 
044 |a SK 
245 1 0 |a Poznanie účtovnej jednotky ako prvý krok audítora pri audite účtovnej závierky  |b diplomová práca  |c Patrik Bajus ; školiteľ: Ladislav Kareš 
264 1 |a Bratislava  |c 2019 
300 |a 58 s. 
100 1 |a Bajus, Patrik 
700 1 |a Kareš, Ladislav 
710 2 |a Fakulta hospodárskej informatiky EU. Katedra účtovníctva a audítorstva